| 000 | 02390cam a2200445 i 4500 | ||
|---|---|---|---|
| 001 | 17967802 | ||
| 003 | ARRUPE | ||
| 005 | 20221108153642.0 | ||
| 008 | 131210t20142014nyu 000 0 eng d | ||
| 010 | _a 2013957256 | ||
| 020 | _a007183429X | ||
| 020 | _a9780071834292 | ||
| 035 | _a(OCoLC)ocn864700430 | ||
| 040 |
_aYDXCP _beng _cYDXCP _erda _dBTCTA _dBDX _dOCO _dCLE _dOCLCF _dLEB _dJP3 _dOMB _dOCLCO _dOCL _dOCLCO _dDLC |
||
| 042 | _alccopycat | ||
| 050 | 0 | 0 |
_aLB2367.4 _b.O35 2014 |
| 082 | 0 | 4 |
_a378.1664 _223 |
| 245 | 0 | 0 |
_aOfficial GRE verbal reasoning practice questions. _nVolume 1 : _bwith practice for the analytical writing measure. |
| 246 | 1 |
_iAt head of title: _aETS |
|
| 300 |
_axi, 241 pages ; _c28 cm |
||
| 500 | _a"150 real test questions with explanations--straight from the maker of the GRE revised General Test'--Cover. | ||
| 505 | 0 | _aOverview of the GRE revised verbal reasoning measure -- Test content -- Question type 1: reading comprehension -- Question type 2.: text completion -- Question type 3: sentence equivalence -- Mixed practice sets -- Overview of the GRE analytical writing measure. | |
| 520 | _aProvides former test questions with answers and explanations to help students master the Verbal Reasoning section of the GRE, and includes test-taking strategies and an overview of the GRE Analytical Writing section. | ||
| 650 | 0 |
_aGraduate Record Examination _vStudy guides. _951825 |
|
| 650 | 0 |
_aReading comprehension _xExaminations _vStudy guides. _951826 |
|
| 650 | 0 |
_aEducational tests and measurements _vStudy guides. _951827 |
|
| 650 | 0 |
_aUniversities and colleges _xExaminations _vStudy guides. _951828 |
|
| 650 | 7 |
_aEducational tests and measurements. _2fast _923840 |
|
| 650 | 7 |
_aGraduate Record Examination. _2fast _951829 |
|
| 650 | 7 |
_aReading comprehension _xExaminations. _2fast _951830 |
|
| 650 | 7 |
_aUniversities and colleges _xExaminations. _2fast _951831 |
|
| 655 | 7 |
_aStudy guides. _2fast _950165 |
|
| 710 | 2 |
_aEducational Testing Service. _951832 |
|
| 856 | 4 | 2 |
_3Contributor biographical information _uhttp://www.loc.gov/catdir/enhancements/fy1603/2013957256-b.html |
| 856 | 4 | 2 |
_3Publisher description _uhttp://www.loc.gov/catdir/enhancements/fy1603/2013957256-d.html |
| 906 |
_a7 _bcbc _ccopycat _d2 _encip _f20 _gy-gencatlg |
||
| 942 |
_2lcc _cMONOGRAPH |
||
| 999 |
_c131513 _d131513 |
||